000 00586nam a22002057a 4500
003 0
005 20251111100043.0
008 251111b xxu||||| |||| 00| 0 eng d
020 _a0-75284-963-8
050 _aPS 3557.A713357
_b.G37 2003
100 _aGardner, Lisa,
_eauthor.
245 _aThe Survivors club /
_cLisa Gardner.
260 _aLondon :
_bOrion,
_c2003.
300 _a458 pages ;
_c18 cm.
650 _aDetective and mystery fiction.
650 _aRape victims
_xFiction.
650 _aMurder
_xInvestigation
_vFiction.
650 _aRevenge
_xFiction.
942 _2lcc
_cBK
999 _c368562
_d368562